Представление документа в формате RUSMARC

ПолеНазваниеЗначение
  Тип записи a
  Библиографический уровень m
001 Контрольный номер RU/IS/BASE/586007639
005 Дата корректировки 20201206205140.6
010 Индекс ISBN __
a ISBN 978-5-4444-6425-0 (в пер.)
d Цена 562-11, 1000 экз.
100 Данные общей обработки __
a Данные общей обработки 19180727d2018||||||| 0rusy0189 ca
101 Язык документа 0_
a Язык текста rus
102 Страна публикации __
a Страна публикации ru
105 Кодированные данные (монография) __
a Кодированные данные (монография) ||||||||000zy
200 Заглавие и сведения об ответственности 1_
a Заглавие Пушкин в Михайловском
e Сведения, относящиеся к заглавию [роман]
f Первые сведения об ответственности И. А. Новиков
b Общее обозначение материала Текст
210 Выходные данные __
a Место издания Москва
c Издательство Вече
d Дата издания 2018
215 Физическое описание __
a Объем 382, [1] с.
d Формат 21 см
225 Серия __
a Серия Пушкинская библиотека
330 Аннотация __
a Аннотация Дилогия известного советского писателя И.А. Новикова (1877-1959) "Пушкин в изгнании", состоящая из двух романов "Пушкин на юге" и "Пушкин в Михайловском", посвящена двум периодам в жизни поэта - южной и псковской ссылкам. Два этих произведения по праву считаются одними из самых известных в российской пушкинистике. Автор воссоздает события и атмосферу жизни великого поэта, подробно рисует его окружение, отношения с людьми в нелегкое время ссылок. На основе тщательного изучения разнообразных архивных материалов и рукописного наследия, писатель увлекательно рассказывает, как вынашивались и рождались гениальные замыслы поэта. Перед читателем предстает галерея незабываемых образов друзей Пушкина, поддерживавших его в трудные годы. В настоящем издании представлен роман "Пушкин в Михайловском" - вторая часть дилогии И.А. Новикова. Он повествует о псковской ссылке поэта в 1824-1826 гг.
333 Примечание о целевом назначении __
a Примечание о целевом назначении 12+. Для детей старше 12 лет
600 Персоналии __
a Персоналии (Фамилия) Пушкин, А. С.
c Дополнение к имени писатель русский
c Дополнение к имени поэт русский
f Даты 1799-1837
g Полное имя Александр Сергеевич
606 Тематические рубрики __
a Основная рубрика Художественная литература
606 Тематические рубрики __
a Основная рубрика Русская литература XX в. (произведения)
610 Ключевые слова __
a Ключевые слова дилогии
a Ключевые слова персоналии
a Ключевые слова поэзия
a Ключевые слова поэты
a Ключевые слова пушкиниана
a Ключевые слова пушкинистика
a Ключевые слова пушкинские места
a Ключевые слова романы
a Ключевые слова ссылка
a Ключевые слова стихи
a Ключевые слова стихотворения
a Ключевые слова тема писателей
a Ключевые слова тема поэтов
a Ключевые слова тема ссылки
a Ключевые слова художественная биография
686 Индексы других классификаций __
2 Код системы rubbks
a Классификационный индекс 84(2=411.2)6-4; ст84(2Рос=Рус)6-4
700 Автор _1
a Фамилия Новиков
b Имя И. А.
f Даты 1877-1959
g Полное личное имя Иван Алексеевич
4 Код отношения 070
801 Источник записи _0
a Страна ru
b Организация Муниципальное бюджетное учреждение культуры "Централизованная библиотечная система" г. Сургут (Центральная городская библиотека им. А. С. Пушкина)
c Дата составления 20180727
g Правила каталогизации rpk
801 Источник записи _1
a Страна ru
b Организация Муниципальное бюджетное учреждение культуры "Централизованная библиотечная система" г. Сургут (Центральная городская библиотека им. А. С. Пушкина)
c Дата составления 20180727
g Правила каталогизации rpk
852 Данные о местонахождении __
j Шифр хранения 84(2=411.2)6-4
i Авторский знак Н 73
901 Тип документа __
t Тип документа m
a Ответственный КиК/Апакова
903 Характеристики (МАРС) __
a Дата передачи 20180727
990 Данные о заказе (DOS) __
j Количество экземпляров (DOS) 3
t N записи в КСУ для И/У (DOS) 201808